Earle and Earle v East Riding of Yorkshire Council (Record no. 60299)

MARC details
000 -LEADER
fixed length control field 01161cam a2200241 4500
001 - CONTROL NUMBER
control field ABS61358
008 - FIXED-LENGTH DATA ELEMENTS--GENERAL INFORMATION
fixed length control field 000000n1999 000 0 eng u
035 ## - SYSTEM CONTROL NUMBER
System control number (Sirsi) u101065
245 ## - TITLE STATEMENT
Title Earle and Earle v East Riding of Yorkshire Council
260 ## - PUBLICATION, DISTRIBUTION, ETC.
Date of publication, distribution, etc. 1999
490 ## - SERIES STATEMENT
Series statement Rating & Valuation Reporter
Volume/sequential designation [1999] 39(9) RVR 200-223(24)
520 ## - SUMMARY, ETC.
Summary, etc. LT 17 March 1999. Grange Farm, Mappleton, East Yorkshire. Compensation claim sought under the Coast Protection Act 1949 s19(1) for alleged loss or damage as a result of coastal protection works. Held, that no compensation was due because the claimants had failed to discharge the burden of proof on them to show that the Mappleton works were the cause of increased erosion at Grange Farm between 1991 and 1998.
590 ## - LOCAL NOTE (RLIN)
Local note ABS
650 ## - SUBJECT ADDED ENTRY--TOPICAL TERM
Topical term or geographic name entry element COMPENSATION
650 ## - SUBJECT ADDED ENTRY--TOPICAL TERM
Topical term or geographic name entry element COASTAL PROTECTION
650 ## - SUBJECT ADDED ENTRY--TOPICAL TERM
Topical term or geographic name entry element EROSION
650 ## - SUBJECT ADDED ENTRY--TOPICAL TERM
Topical term or geographic name entry element EXPERT EVIDENCE
650 ## - SUBJECT ADDED ENTRY--TOPICAL TERM
Topical term or geographic name entry element COAST PROTECTION ACT 1949 S19
650 ## - SUBJECT ADDED ENTRY--TOPICAL TERM
Topical term or geographic name entry element CAUSATION
650 ## - SUBJECT ADDED ENTRY--TOPICAL TERM
Topical term or geographic name entry element EARLE AND EARLE V EAST RIDING OF YORKSHIRE COUNCIL
690 ## - LOCAL SUBJECT ADDED ENTRY--TOPICAL TERM (OCLC, RLIN)
Topical term or geographic name as entry element ENVIRONMENTAL AND LAND CONSULTANCY-PLANNING AND DEVELOPMENT-COMPULSORY PURCHASE AND COMPENSATION
942 ## - ADDED ENTRY ELEMENTS (KOHA)
Suppress in OPAC 0
Holdings
Withdrawn status Lost status Source of classification or shelving scheme Damaged status Not for loan Home library Current library Shelving location Date acquired Total Checkouts Full call number Barcode Date last seen Copy number Price effective from Koha item type
    Dewey Decimal Classification     London London Journal article 28/10/1999   ABS61358 101065-1001 06/08/2019 1 06/08/2019 Law report